000
00257nam a22001217a 4500
082
_a
823
_b
NAZ/V
100
_a
NAZZARI, A
245
_a
THE VILLAGE OF STONE
260
_a
BOMBAY
_b
ST.PAUL
_c
1992
300
_a
36
650
_a
ENGLISH STORY
_z
INDIA
942
_c
BK
999
_c
7355
_d
7355